Jednoduché účtovníctvo praktický sprievodca

Salvato in:
Dettagli Bibliografici
Autore principale: Spitzová, Amália
Natura: Libro
Lingua:slovacco
Pubblicazione: Bratislava IURA EDITION 2006
Edizione:3. preprac. vyd.
Serie:Ekonómia
Soggetti:
Tags: Aggiungi Tag
Nessun Tag, puoi essere il primo ad aggiungerne!!

MARC

LEADER 00000nam$a2200000$$$4500
001 0049083
005 20240313133101.5
020 |a 80-8078-097-8 
041 0 |a slo 
044 |a SK 
245 1 0 |a Jednoduché účtovníctvo  |b praktický sprievodca  |c Amália Spitzová 
250 |a 3. preprac. vyd. 
264 1 |a Bratislava  |b IURA EDITION  |c 2006 
300 |a 108 s. 
490 1 |a Ekonómia 
830 0 |a Ekonómia 
610 2 0 |a účtovníctvo jednoduché 
610 2 0 |a majetok 
610 2 0 |a majetok obežný 
610 2 0 |a zamestnanci 
610 2 0 |a prostriedky peňažné 
610 2 0 |a závierka účtovná 
610 2 0 |a dane z príjmov 
610 2 0 |a osoby fyzické 
100 1 |a Spitzová, Amália